| 000 | 00621nam a2200169 4500 | ||
|---|---|---|---|
| 001 | 2650 | ||
| 090 | _a2650 | ||
| 100 | _a20190723b u||y0fre||u0ba y50 | ||
| 101 | _aeng | ||
| 200 |
_aWomen _bPériodique _e A journal of Liberation _fWomen : A Journal of Liberation, Inc. |
||
| 210 |
_aEtats-Unis _bWomen: A Journal of Liberation, Inc. Eastern News, 155 W. 15th St., New York City 10011 _cWomen: A Journal of Liberation, Inc. |
||
| 606 |
_aFéminisme _9429 |
||
| 606 |
_9146 _aSyndicalisme |
||
| 607 |
_91006 _aEtats-Unis d'Amérique |
||
| 710 |
_96642 _aWomen: A Journal of Liberation, Inc. |
||
| 801 |
_aCH _bCH-002049-8 |
||
| 955 | _r1971: vol.2 n°3 | ||